Loading...
പറങ്കിപ്പടയാളി /
| Main Author: | |
|---|---|
| Other Authors: | |
| Format: | Printed Book |
| Published: |
Kottayam:
DC Books,
2004.
|
| Subjects: |
| LEADER | 00557cam a2200157ua 4500 | ||
|---|---|---|---|
| 020 | |a 81-264-0796-4 | ||
| 082 | |a 894.812 35 |b KMP/P | ||
| 100 | 0 | |a കെ. എൻ. പണിക്കർ | |
| 245 | 0 | 0 | |a പറങ്കിപ്പടയാളി / |
| 260 | |a Kottayam: |b DC Books, |c 2004. | ||
| 300 | |a 116p. | ||
| 650 | 0 | |a Parankippadayaali |a Malayalam- novel | |
| 700 | |a K.M.Panikkar | ||
| 942 | |c BK | ||
| 999 | |c 10345 |d 10345 | ||
| 952 | |0 0 |1 0 |4 0 |6 894_812000000000000_35_KMP |7 0 |9 10797 |a KUCL |b KUCL |d 2014-05-23 |l 2 |o 894.812 35 KMP/ |p 12209 |r 2019-11-18 |s 2019-08-20 |w 2014-05-23 |y BK | ||